Statistics for 25 фильмов с Леонардо Ди Каприо

Click here to take the quiz!

General Stats

  • This quiz has been taken 52 times
  • The average score is 11 of 25

Answer Stats

Answer% Correct
Титаник
100%
Волк с Уолл-Стрит
98%
Выживший
80%
Остров проклятых
76%
Джанго освобождённый
70%
Однажды в... Голливуде
68%
Великий Гэтсби
66%
Поймай меня, если сможешь
66%
Начало
60%
Дневник баскетболиста
54%
Ромео + Джульетта
52%
Авиатор
52%
Отступники
36%
Кровавый алмаз
34%
Банды Нью-Йорка
34%
Пляж
30%
Что гложет Гилберта Грейпа
26%
Дорога перемен
24%
Убийцы цветочной луны
22%
Человек в железной маске
18%
Быстрый и мёртвый
14%
Санта-Барбара
12%
Совокупность лжи
10%
Дж. Эдгар
8%
Жизнь этого парня
4%

Score Distribution

Percentile by Number Answered

Percent of People with Each Score

Your Score History

You have not taken this quiz